00688cam a2200205 a 450000100100000000500170001000800410002702000150006804000250008308200180010810000290012624500580015526000480021330000210026144000310028250400210031350400490033465100530038360000460043600000421620200929151419.0961230s1992 nyu 001 1 eng  a0700605207 aDO-SdBNPbspacBNPHU a973.922bK35G1 aGiglio, James N.,d1939-14aThe presidency of John F. Kennedy /cJames N. Giglio. aKansa :bUniversity Press of Kansas,c1992. a334 p. ;c23 cm. 0aAmerican Presidency Series aIncluye índice aIncluye notas e referencias bibliográficas 4aEstados UnidosxPolítica Y Gobiernoy1961-196310aKENNEDY, JOHN F.,d1917-1963xPRESIDENTES